[Event "SCO-ch"]
[Site "Edinburgh"]
[Date "2009.07.12"]
[Round "2"]
[White "Hayes, Stuart"]
[Black "Morrison, Graham"]
[Result "0-1"]
[WhiteElo "1997"]
[BlackElo "2366"]
[PlyCount "56"]
[EventDate "2009.07.11"]
[EventType "swiss"]
[EventRounds "9"]
[EventCountry "SCO"]
[SourceTitle "CBM 131 Extra"]
[Source "ChessBase"]
[SourceDate "2009.09.03"]
[SourceVersion "2"]
[SourceVersionDate "2009.09.16"]
[SourceQuality "1"]

1. d4 Nf6 2. c4 e6 3. Nc3 Bb4 4. Qc2 0-0 5. Bg5 c5 6. a3 Bxc3+ 7. bxc3 d6 8. Nf3 Nbd7 9. g3 b6 10. Bg2 Bb7 11. 0-0 Qc7 12. Rac1 Rac8 13. Qa2 Ne4 14. d5 Rce8 15. a4 a5 16. Rfd1 f5 17. dxe6 Rxe6 18. Bf4 h6 19. h4 Ndf6 20. Qb2 Bc6 21. Qb3 Nh5 22. Bd2 Rg6 23. Rb1 Rb8 24. Nh2 Qe7 25. Be1 Nf4 26. Nf3 Nxg2 27. Kxg2 Nxg3 28. fxg3 Qxe2+ 0-1

[Event "Politiken Cup 28th"]
[Site "Copenhagen"]
[Date "2006.07.27"]
[Round "6"]
[White "Jacobsen, Per Wurtz"]
[Black "Hayes, Stuart"]
[Result "1/2-1/2"]
[WhiteElo "2055"]
[BlackElo "2039"]
[PlyCount "45"]
[EventDate "2006.07.22"]
[EventType "swiss"]
[EventRounds "9"]
[EventCountry "DEN"]
[SourceTitle "CBM 113 Extra"]
[Source "ChessBase"]
[SourceDate "2006.09.14"]
[SourceVersion "1"]
[SourceVersionDate "2006.09.14"]
[SourceQuality "1"]

1. b3 c5 2. Bb2 d5 3. e3 Nc6 4. Bb5 Qc7 5. Nf3 f6 6. c4 a6 7. Bxc6+ bxc6 8. Nh4 e5 9. Qh5+ Qf7 10. Qxf7+ Kxf7 11. Nc3 e4 12. f4 h6 13. 0-0 g5 14. fxg5 hxg5 15. Nf5 Bxf5 16. Rxf5 Bd6 17. g3 Ne7 18. Rf2 Rh6 19. Raf1 Rah8 20. Ne2 Ng8 21. cxd5 cxd5 22. Rc1 Ne7 23. Rcf1 1/2-1/2

[Event "Blackpool op 29th"]
[Site "Blackpool"]
[Date "2005.03.13"]
[Round "4"]
[White "Britton, Richard"]
[Black "Hayes, Stuart"]
[Result "0-1"]
[WhiteElo "2309"]
[BlackElo "2048"]
[PlyCount "66"]
[EventDate "2005.03.11"]
[EventType "swiss"]
[EventRounds "5"]
[EventCountry "ENG"]
[SourceTitle "CBM 105 Extra"]
[Source "ChessBase"]
[SourceDate "2005.05.01"]
[SourceVersion "1"]
[SourceVersionDate "2005.05.01"]
[SourceQuality "1"]

1. e4 c5 2. Nf3 Nc6 3. Nc3 Nf6 4. d4 cxd4 5. Nxd4 e6 6. Ndb5 d6 7. Bf4 e5 8. Bg5 a6 9. Na3 b5 10. Bxf6 gxf6 11. Nd5 f5 12. Bd3 f4 13. 0-0 h5 14. Kh1 Nd4 15. c3 Ne6 16. c4 bxc4 17. Bxc4 h4 18. Rc1 h3 19. g3 Bh6 20. Rc3 Nc5 21. Re1 f5 22. exf5 fxg3 23. hxg3 h2 24. b4 Nd7 25. Qh5+ Kf8 26. Qg6 Bb7 27. Qxd6+ Kg8 28. Re4 Rh7 29. Ne3+ Kh8 30. Bd5 Bxe3 31. Rcxe3 Bxd5 32. Qxd5 Nf6 33. Qxe5 Qd1+ 0-1

[Event "Blackpool op 29th"]
[Site "Blackpool"]
[Date "2005.03.13"]
[Round "5"]
[White "Hayes, Stuart"]
[Black "Gormally, Daniel"]
[Result "0-1"]
[WhiteElo "2048"]
[BlackElo "2472"]
[PlyCount "32"]
[EventDate "2005.03.11"]
[EventType "swiss"]
[EventRounds "5"]
[EventCountry "ENG"]
[SourceTitle "CBM 105 Extra"]
[Source "ChessBase"]
[SourceDate "2005.05.01"]
[SourceVersion "1"]
[SourceVersionDate "2005.05.01"]
[SourceQuality "1"]

1. e4 c5 2. d4 cxd4 3. c3 Nf6 4. e5 Nd5 5. cxd4 d6 6. Nf3 Nc6 7. Bc4 e6 8. 0-0 Be7 9. Nbd2 0-0 10. Ne4 Qc7 11. exd6 Bxd6 12. Nxd6 Qxd6 13. Bd3 b6 14. Bxh7+ Kxh7 15. Ng5+ Kg8 16. Qh5 Nf6 0-1

[Event "Rilton Cup 34th"]
[Site "Stockholm"]
[Date "2004.12.28"]
[Round "2"]
[White "Forsberg, Viktor"]
[Black "Hayes, Stuart"]
[Result "1/2-1/2"]
[WhiteElo "2137"]
[BlackElo "2048"]
[PlyCount "67"]
[EventDate "2004.12.27"]
[EventType "swiss"]
[EventRounds "9"]
[EventCountry "SWE"]
[SourceTitle "CBM 104 Extra"]
[Source "ChessBase"]
[SourceDate "2005.03.01"]
[SourceVersion "1"]
[SourceVersionDate "2005.03.01"]
[SourceQuality "1"]

1. e4 c5 2. Nf3 e6 3. d4 cxd4 4. Nxd4 a6 5. Nc3 Nc6 6. Be3 Nf6 7. Bd3 Bb4 8. 0-0 d5 9. exd5 exd5 10. Nce2 0-0 11. c3 Bd6 12. Nf3 Bg4 13. Ng3 Ne5 14. Be2 Nc4 15. Bc1 h6 16. b3 Nb6 17. Be3 Qc7 18. Qd3 Rad8 19. Bd4 Nbd7 20. h3 Be6 21. Nf5 Nc5 22. Qc2 Bxf5 23. Qxf5 Nce4 24. Bxf6 Nxf6 25. c4 Bc5 26. Rad1 Rfe8 27. Bd3 Re6 28. Nh2 Re5 29. Qf3 d4 30. Rfe1 Rde8 31. Rxe5 Rxe5 32. Ng4 Nxg4 33. hxg4 Qe7 34. g3 1/2-1/2

[Event "Rilton Cup 34th"]
[Site "Stockholm"]
[Date "2004.12.27"]
[Round "1"]
[White "Hayes, Stuart"]
[Black "Paterek, Michal"]
[Result "0-1"]
[WhiteElo "2048"]
[BlackElo "2269"]
[PlyCount "64"]
[EventDate "2004.12.27"]
[EventType "swiss"]
[EventRounds "9"]
[EventCountry "SWE"]
[SourceTitle "CBM 104 Extra"]
[Source "ChessBase"]
[SourceDate "2005.03.01"]
[SourceVersion "1"]
[SourceVersionDate "2005.03.01"]
[SourceQuality "1"]

1. d4 c5 2. d5 g6 3. e4 Bg7 4. Nf3 d6 5. c3 Nf6 6. Bd3 0-0 7. 0-0 Na6 8. Nbd2 Nc7 9. a4 b6 10. Ne1 e6 11. dxe6 fxe6 12. f4 Bb7 13. f5 gxf5 14. exf5 d5 15. Ndf3 Ne4 16. fxe6 Qe7 17. Qe2 Nxe6 18. Be3 Nf4 19. Bxf4 Rxf4 20. Rd1 Raf8 21. Bc2 Kh8 22. Nd3 Ba6 23. Qe1 R4f7 24. Qh4 Qxh4 25. Nxh4 d4 26. Rxf7 Rxf7 27. Re1 Nd2 28. Re8+ Bf8 29. h3 dxc3 30. bxc3 Rf1+ 31. Kh2 Kg7 32. Ra8 Bd6+ 0-1

[Event "Dundee op"]
[Site "Dundee"]
[Date "2004.10.24"]
[Round "5"]
[White "Hayes, Stuart"]
[Black "Cavanagh, Mike"]
[Result "1-0"]
[WhiteElo "1657"]
[BlackElo "1821"]
[PlyCount "124"]
[EventDate "2004.10.22"]
[EventType "swiss"]
[EventRounds "5"]
[EventCountry "SCO"]
[SourceTitle "EXT 2006"]
[Source "ChessBase"]
[SourceDate "2005.11.24"]
[SourceVersion "1"]
[SourceVersionDate "2005.11.24"]
[SourceQuality "1"]

1. e4 g6 2. d4 d6 3. Nc3 Bg7 4. Bc4 Nf6 5. Nge2 c6 6. f3 b5 7. Bb3 a5 8. a4 b4 9. Nb1 Bd7 10. Be3 Na6 11. Qd2 Qc7 12. Bh6 0-0 13. Bxg7 Kxg7 14. Qe3 e5 15. dxe5 dxe5 16. Nd2 Rfe8 17. Nc4 Be6 18. h4 h5 19. 0-0-0 Rad8 20. Ng3 Rxd1+ 21. Rxd1 Nh7 22. Nd6 Re7 23. Bxe6 Rxe6 24. Nc4 Qe7 25. Nxa5 Qxh4 26. Ne2 Qg5 27. Qxg5 Nxg5 28. b3 Nc5 29. Kb2 h4 30. Ng1 Kf6 31. c3 bxc3+ 32. Kxc3 Ke7 33. Nc4 Na6 34. b4 c5 35. b5 Nb4 36. a5 f6 37. b6 Rc6 38. b7 Na6 39. Rb1 Nb8 40. Nb6 Ne6 41. a6 Nxa6 42. Nd5+ Kd6 43. b8Q+ Nxb8 44. Rxb8 f5 45. Rh8 fxe4 46. fxe4 g5 47. Nf3 Ra6 48. Rh6 Ra4 49. Nxg5 Rxe4 50. Nxe4+ Kxd5 51. Nf6+ Kd6 52. Rxh4 Nf4 53. g4 Ke6 54. g5 Kf5 55. Rg4 e4 56. Kd2 Ng6 57. Rg1 Ne5 58. Ke3 Nc4+ 59. Ke2 Ne5 60. Nxe4 Kxe4 61. g6 Nd7 62. g7 Nf6 1-0